000 00210 a2200097 4500
001 22576
100 _aTillett, J
245 _aPractical Comprehension
260 _a
_bHutchin son
_c1962
090 _c15235
_d15235
942 _aNUST-CAE
_cM
_c5820
999 _c257649
_d257649